[Event "35th WCh U20 Girls"]
[Site "Tarvisio ITA"]
[Date "2017.11.14"]
[Round "2"]
[White "Paramzina, Anastasia"]
[Black "Aakanksha, Hagawane"]
[Result "1/2-1/2"]
[WhiteElo "2123"]
[BlackElo "2312"]
[EventDate "2017.11.13"]
[PlyCount "89"]

1.e4 e5 2.Nf3 Nc6 3.Bb5 a6 4.Ba4 Nf6 5.d3 b5 6.Bb3 Bc5 7.a4 Rb8 8.axb5 
axb5 9.Nc3 O-O 10.Nd5 h6 11.c3 d6 12.d4 exd4 13.cxd4 Bb4+ 14.Nxb4 Nxb4 15.
O-O c5 16.dxc5 dxc5 17.Bf4 Rb7 18.Qxd8 Rxd8 19.Rfd1 Rbd7 20.Rxd7 Bxd7 21.
e5 Nfd5 22.Bxd5 Nxd5 23.Bd2 Bg4 24.Kf1 b4 25.Rc1 Rc8 26.b3 Be6 27.Ke2 Nb6 
28.Be3 Bxb3 29.Nd2 Be6 30.Rxc5 Rd8 31.Rb5 Nd5 32.Rb7 Rc8 33.Bd4 Rd8 34.g3 
Nc3+ 35.Kd3 Nd5 36.Ne4 Bc8 37.Ra7 b3 38.Nd6 Ba6+ 39.Ke4 Nb4 40.Bc3 Rb8 41.
e6 Bd3+ 42.Kf3 fxe6 43.Rxg7+ Kf8 44.Rf7+ Kg8 45.Rg7+ 1/2-1/2

[Event "35th WCh U20 Girls"]
[Site "Tarvisio ITA"]
[Date "2017.11.14"]
[Round "2"]
[White "Alijanzadeh, Mohadeseh"]
[Black "Heinemann, Josefine"]
[Result "1/2-1/2"]
[WhiteElo "1930"]
[BlackElo "2293"]
[EventDate "2017.11.13"]
[PlyCount "120"]

1.e4 c5 2.Nf3 d6 3.d4 cxd4 4.Nxd4 Nf6 5.Nc3 a6 6.h3 e5 7.Nde2 b5 8.Bg5 Be7
9.g3 Nbd7 10.Bg2 Bb7 11.a3 O-O 12.O-O Rc8 13.Qd2 Rc4 14.Bxf6 Nxf6 15.Qd3 
Qc7 16.Rfd1 Rc8 17.g4 g6 18.Qe3 Qc5 19.Qxc5 R8xc5 20.Ng3 Rc7 21.Rd3 Nd7 
22.Re1 Nb6 23.Red1 R4c5 24.Nf1 Rc8 25.Ne3 Bf8 26.R3d2 Nc4 27.Nxc4 Rxc4 28.
Bf1 Rxc3 29.bxc3 Bxe4 30.c4 bxc4 31.Bg2 Bxg2 32.Kxg2 Rc5 33.Rd5 Rc6 34.Rb1
Be7 35.Rb7 Kf8 36.Rb8+ Kg7 37.Kf3 Kf6 38.Ra5 Ke6 39.Ke2 f5 40.gxf5+ gxf5 
41.Rh8 Rb6 42.Rxh7 d5 43.Rh6+ Bf6 44.h4 e4 45.Rxf6+ Kxf6 46.Rxd5 Rb1 47.
Rc5 Ra1 48.Ra5 Rc1 49.Kd2 Rf1 50.Ke2 Rc1 51.Kd2 Rf1 52.Ke3 Rh1 53.Rxa6+ 
Ke5 54.Ra5+ Ke6 55.a4 Rxh4 56.Rc5 Rh3+ 57.Kd2 Rf3 58.Ke2 Rc3 59.Kd2 Rf3 
60.Ke2 Rc3 1/2-1/2

[Event "35th WCh U20 Girls"]
[Site "Tarvisio ITA"]
[Date "2017.11.14"]
[Round "2"]
[White "Terbe, Julianna"]
[Black "Kanakova, Natalie"]
[Result "0-1"]
[WhiteElo "2263"]
[BlackElo "2134"]
[EventDate "2017.11.13"]
[PlyCount "104"]

1.d4 e6 2.Bf4 c5 3.e3 Qb6 4.Nc3 cxd4 5.Nb5 Qa5+ 6.Qd2 Qxd2+ 7.Kxd2 dxe3+ 
8.Bxe3 Na6 9.Nxa7 Bc5 10.Bxc5 Nxc5 11.Nb5 Ke7 12.c4 Nb3+ 13.axb3 Rxa1 14.
Ne2 Ra8 15.Nec3 Nf6 16.Be2 d5 17.Nc7 Rb8 18.Re1 Rd8 19.Kc2 dxc4 20.bxc4 
Bd7 21.Bf3 Kf8 22.b3 Bc6 23.Bxc6 bxc6 24.Na6 Ra8 25.Nb4 Rdc8 26.Na4 Rab8 
27.Na6 Rb7 28.N6c5 Ra7 29.f3 Rb8 30.Rd1 Ke7 31.Nd3 Nd7 32.Kc3 f6 33.Nb4 
Rc8 34.c5 Ra5 35.Kc4 Ne5+ 36.Kc3 Rb5 37.Rd4 g5 38.Nc2 Ra5 39.Rb4 Rc7 40.
Nd4 Nd7 41.Kc4 f5 42.Ne2 e5 43.g4 fxg4 44.fxg4 Nf6 45.h3 Ra8 46.Nac3 Rd8 
47.Ra4 Rd2 48.Ra8 Nd5 49.Rh8 Nxc3 50.Ng3 Ne2 51.Rxh7+ Kf8 52.Rxc7 Rd4# 0-1

[Event "35th WCh U20 Girls"]
[Site "Tarvisio ITA"]
[Date "2017.11.14"]
[Round "2"]
[White "Bilguun, Bayaraa"]
[Black "Antova, Gabriela"]
[Result "0-1"]
[WhiteElo "1147"]
[BlackElo "2257"]
[EventDate "2017.11.13"]
[PlyCount "74"]

1.d4 Nf6 2.c4 c5 3.Nf3 e6 4.e3 d5 5.Nc3 Be7 6.Bd3 O-O 7.b3 cxd4 8.exd4 Nc6
9.O-O dxc4 10.Bxc4 Nb4 11.Ba3 b6 12.Ne5 Bb7 13.Bxb4 Bxb4 14.Ne2 Nd5 15.
Bxd5 Qxd5 16.Nf3 Rfd8 17.Qd3 e5 18.Qe3 e4 19.Ne1 Rac8 20.f3 exf3 21.Rxf3 
Re8 22.Qd3 Rxe2 23.Qxe2 Qxd4+ 24.Qf2 Qxa1 25.Re3 Bc5 26.h3 Bxe3 27.Qxe3 h6
28.Kh2 Qxa2 29.Qe7 Bd5 30.Qd7 Be6 31.Qb7 Qxb3 32.Qxa7 Qe3 33.Nf3 Qf4+ 34.
Kh1 Rc1+ 35.Ng1 Qe3 36.Qb8+ Kh7 37.Qh2 b5 0-1

[Event "35th WCh U20 Girls"]
[Site "Tarvisio ITA"]
[Date "2017.11.14"]
[Round "2"]
[White "Injac, Teodora"]
[Black "Choladze, Mariami"]
[Result "1/2-1/2"]
[WhiteElo "2244"]
[BlackElo "2112"]
[EventDate "2017.11.13"]
[PlyCount "116"]

1.Nf3 Nf6 2.c4 e6 3.g3 d5 4.Bg2 dxc4 5.Qa4+ Bd7 6.Qxc4 c5 7.Ne5 Qc8 8.Nxd7
Nbxd7 9.O-O Be7 10.Qb3 Rb8 11.d3 b5 12.Bf4 e5 13.Be3 O-O 14.Rc1 Ng4 15.Bd2
c4 16.dxc4 Nc5 17.Qc2 bxc4 18.Qxc4 Qf5 19.Bf3 Nf6 20.Qc2 e4 21.Bg2 Rfc8 
22.Nc3 g6 23.Bf4 Rb6 24.Nxe4 Nd5 25.Nxc5 Nxf4 26.gxf4 Rxc5 27.Qxf5 Rxf5 
28.e3 Rxb2 29.Be4 Ra5 30.Rc2 Rxc2 31.Bxc2 Bf6 32.Rb1 Rxa2 33.Rb8+ Kg7 34.
Bb3 Rb2 35.Rb7 Bh4 36.Kg2 Bxf2 37.Kf3 Kh6 38.Rxa7 Bxe3 39.Rb7 Bg1 40.h3 f6
41.Bd5 Rxb7 42.Bxb7 Bh2 43.Bd5 Kg7 44.Be6 f5 45.Bd5 Kf6 46.Bc4 h6 47.Bb3 
g5 48.fxg5+ Kxg5 49.Be6 h5 50.Kg2 Be5 51.Bxf5 Kxf5 52.Kf3 Bh2 53.Kg2 Bf4 
54.Kf3 Bd2 55.Kg2 Kf4 56.Kh2 Be1 57.Kg2 Bg3 58.Kh1 Kf3 1/2-1/2

[Event "35th WCh U20 Girls"]
[Site "Tarvisio ITA"]
[Date "2017.11.14"]
[Round "2"]
[White "Uuriintuya, Uurtsaikh"]
[Black "February, Jesse Nikki"]
[Result "1-0"]
[WhiteElo "2213"]
[BlackElo "1874"]
[EventDate "2017.11.13"]
[PlyCount "79"]

1.e4 e6 2.d4 d5 3.Nd2 dxe4 4.Nxe4 Nd7 5.Nf3 Ngf6 6.Bd3 Nxe4 7.Bxe4 Nf6 8.
Bg5 Be7 9.Bxf6 Bxf6 10.Qd3 Qd6 11.O-O-O Bd7 12.Bxb7 Rb8 13.Be4 Bb5 14.Qe3 
O-O 15.g4 Qa6 16.Kb1 Be2 17.Rd2 Bxf3 18.Bxf3 c5 19.c3 cxd4 20.cxd4 Qa5 21.
h4 e5 22.d5 e4 23.Bd1 Qb4 24.Bb3 a5 25.g5 Be5 26.Rc1 Rfc8 27.Rxc8+ Rxc8 
28.a3 Qb5 29.Qxe4 Bc3 30.Rc2 Qxb3 31.Rxc3 Qd1+ 32.Ka2 Rd8 33.Qd3 Qh1 34.d6
Qxh4 35.Qd5 Qg4 36.d7 g6 37.Rc7 Kg7 38.Qe5+ Kf8 39.Qh8+ Ke7 40.Qf6+ 1-0

[Event "35th WCh U20 Girls"]
[Site "Tarvisio ITA"]
[Date "2017.11.14"]
[Round "2"]
[White "Tokhiryonova, Gulrukhbegim"]
[Black "Vanduyfhuys, Daria"]
[Result "1-0"]
[WhiteElo "2306"]
[BlackElo "1755"]
[EventDate "2017.11.13"]
[PlyCount "67"]

1.e4 c5 2.Nf3 Nc6 3.d4 cxd4 4.Nxd4 e5 5.Nb5 d6 6.N1c3 a6 7.Na3 Be7 8.Nc4 
b5 9.Ne3 Nf6 10.Bd3 O-O 11.O-O Be6 12.a3 Rc8 13.Ncd5 Na5 14.a4 Bxd5 15.
exd5 Nc4 16.axb5 axb5 17.b3 Nxe3 18.Bxe3 Ra8 19.Qe2 Qc7 20.Rxa8 Rxa8 21.
Bg5 Ra2 22.h4 g6 23.Qf3 Kg7 24.g3 Qc3 25.h5 e4 26.h6+ Kf8 27.Bxf6 Qxd3 28.
Qg4 Qxc2 29.Qd7 Bxf6 30.Qxd6+ Ke8 31.Qxf6 Qb2 32.Qc6+ Kd8 33.d6 Qc2 34.Qb7
1-0

[Event "35th WCh U20 Girls"]
[Site "Tarvisio ITA"]
[Date "2017.11.14"]
[Round "2"]
[White "Barbosa, Larissa Ichimura"]
[Black "Stiazhkina, Anna"]
[Result "0-1"]
[WhiteElo "1913"]
[BlackElo "2301"]
[EventDate "2017.11.13"]
[PlyCount "56"]

1.e4 e5 2.Nf3 Nc6 3.Bc4 Bc5 4.d3 Nf6 5.c3 d6 6.h3 a6 7.Bb3 Ba7 8.Qe2 h6 9.
Nbd2 Be6 10.Bc2 Ne7 11.Nf1 Ng6 12.g4 h5 13.g5 Ng8 14.Bd2 h4 15.d4 Qc8 16.
Qd3 N8e7 17.Ng1 d5 18.dxe5 Nxe5 19.Qe2 d4 20.f4 Bc4 21.Qg2 Nd3+ 22.Bxd3 
Bxd3 23.f5 Qd7 24.Ne2 Qc6 25.Nxd4 Bxd4 26.cxd4 Bxe4 27.Qe2 Bxh1 28.Bb4 Qe4
0-1

[Event "35th WCh U20 Girls"]
[Site "Tarvisio ITA"]
[Date "2017.11.14"]
[Round "2"]
[White "Dordzhieva, Dinara"]
[Black "Auvray, Honorine"]
[Result "1/2-1/2"]
[WhiteElo "2295"]
[BlackElo "1987"]
[EventDate "2017.11.13"]
[PlyCount "99"]

1.d4 Nf6 2.c4 c5 3.d5 e6 4.Nc3 exd5 5.cxd5 d6 6.Nf3 a6 7.a4 Qe7 8.h3 g6 9.
Bf4 Nbd7 10.e3 Bg7 11.Be2 O-O 12.O-O Nh5 13.Bh2 f5 14.Nd2 Nhf6 15.Nc4 Ne8 
16.a5 Ne5 17.Nb6 Rb8 18.Qd2 Nf6 19.Rab1 Nfd7 20.Nxc8 Rbxc8 21.e4 c4 22.
Rbe1 Qd8 23.exf5 gxf5 24.Na4 c3 25.Nxc3 Qxa5 26.Kh1 Nb6 27.Bxe5 dxe5 28.
Rd1 Rcd8 29.d6 Qc5 30.Qg5 Rf6 31.f4 h6 32.Qh5 Kh7 33.Bd3 Rdf8 34.fxe5 Qxe5
35.Rde1 Qg3 36.Qf3 Qxd6 37.Rd1 Qc7 38.Qh5 Qf7 39.Qh4 Kh8 40.Ne2 f4 41.Be4 
Qe8 42.Bf3 Nc4 43.Nc3 Ne3 44.Rfe1 Re6 45.Rc1 b5 46.Nd5 Nxd5 47.Bxd5 Re3 
48.Red1 Qe5 49.Rc6 Qg5 50.Qxg5 1/2-1/2

[Event "35th WCh U20 Girls"]
[Site "Tarvisio ITA"]
[Date "2017.11.14"]
[Round "2"]
[White "Greibrokk, Ingrid"]
[Black "Arpita, Mukherjee"]
[Result "0-1"]
[WhiteElo "1868"]
[BlackElo "2210"]
[EventDate "2017.11.13"]
[PlyCount "66"]

1.c4 e5 2.g3 c6 3.d4 e4 4.d5 cxd5 5.cxd5 Bc5 6.Nc3 Nf6 7.Bg2 Qe7 8.e3 O-O 
9.Nge2 d6 10.O-O Bg4 11.h3 Bxe2 12.Qxe2 Nbd7 13.Na4 Nxd5 14.Qc4 N5f6 15.
Nxc5 Nxc5 16.b4 Nd3 17.Ba3 Rac8 18.Qb3 Qe5 19.Qd1 b5 20.Rb1 Nd5 21.Rb3 f5 
22.f4 Qe6 23.Qd2 Nb6 24.Qe2 d5 25.Kh2 Rc7 26.Rd1 Rfc8 27.Rd2 Qd6 28.Bf1 
Nc4 29.Rd1 Nxa3 30.Rxa3 Qxb4 31.Rb3 Qa5 32.Qg2 Rc2 33.Be2 Qxa2 0-1

[Event "35th WCh U20 Girls"]
[Site "Tarvisio ITA"]
[Date "2017.11.14"]
[Round "2"]
[White "Fernandez Rivero, Karla July"]
[Black "Di Benedetto, Desiree"]
[Result "1/2-1/2"]
[WhiteElo "1986"]
[BlackElo "2190"]
[EventDate "2017.11.13"]
[PlyCount "103"]

1.d4 e6 2.c4 Bb4+ 3.Bd2 a5 4.Nf3 d6 5.g3 Nc6 6.Nc3 Nf6 7.Qc2 Qe7 8.Bg2 O-O
9.O-O d5 10.Bg5 Rd8 11.Rfd1 h6 12.Bf4 Bxc3 13.Qxc3 Ne4 14.Qc1 a4 15.h4 Nf6
16.Ne5 Na5 17.Qc2 a3 18.bxa3 Qxa3 19.c5 b5 20.Rd3 Qa4 21.Qxa4 bxa4 22.Ra3 
Ba6 23.Nd3 Bxd3 24.exd3 Ne8 25.Rxa4 Nc6 26.Rxa8 Rxa8 27.Be3 Ra4 28.Bf3 Kf8
29.Bd1 Ra3 30.Be2 Ke7 31.Kf1 Nb4 32.Bc1 Ra4 33.Bd1 Ra5 34.a4 Nc6 35.Be3 
Nf6 36.Rb1 Ra7 37.Ke1 Nd7 38.f4 f5 39.Kd2 Kf7 40.Rb5 Ke7 41.Kc3 Nf8 42.g4 
Ng6 43.h5 Nh8 44.Kb3 Nf7 45.Bf3 Na5+ 46.Kb4 Nc6+ 47.Ka3 Ncd8 48.Rb1 c6 49.
Rb6 Kd7 50.Kb4 Nb7 51.a5 Nxa5 52.gxf5 1/2-1/2

[Event "35th WCh U20 Girls"]
[Site "Tarvisio ITA"]
[Date "2017.11.14"]
[Round "2"]
[White "Vidic, Teja"]
[Black "Gomez Barrera, Javiera Belen"]
[Result "1/2-1/2"]
[WhiteElo "2159"]
[BlackElo "1972"]
[EventDate "2017.11.13"]
[PlyCount "87"]

1.e4 e5 2.Nf3 Nc6 3.Bc4 Bc5 4.O-O Nf6 5.d3 O-O 6.c3 d6 7.a4 a6 8.Bg5 h6 9.
Bh4 Ba7 10.Nbd2 Qe7 11.Re1 Be6 12.Qe2 Bxc4 13.Nxc4 Qe6 14.Rad1 Rfe8 15.Ne3
Ne7 16.Bxf6 Qxf6 17.d4 exd4 18.cxd4 c6 19.e5 Qe6 20.Nc4 Nf5 21.g4 Qg6 22.
Qe4 Nxd4 23.Rxd4 Qxe4 24.Rdxe4 d5 25.Rf4 dxc4 26.Rxc4 Rad8 27.Rce4 Re6 28.
Kg2 Rd5 29.h4 Bb8 30.Rb4 b5 31.axb5 Rxb5 32.Rbe4 Rd5 33.Nd4 Rexe5 34.Nxc6 
Rxe4 35.Rxe4 Bd6 36.Ne7+ Bxe7 37.Rxe7 Rb5 38.Ra7 Rxb2 39.Rxa6 Kf8 40.Ra7 
Rb5 41.h5 f5 42.f3 fxg4 43.fxg4 Rb3 44.Rc7 1/2-1/2

[Event "35th WCh U20 Girls"]
[Site "Tarvisio ITA"]
[Date "2017.11.14"]
[Round "2"]
[White "Mammadzada, Gunay"]
[Black "Magpily, Francois Marie"]
[Result "1-0"]
[WhiteElo "2393"]
[BlackElo "1836"]
[EventDate "2017.11.13"]
[PlyCount "59"]

1.e4 e5 2.Nf3 f5 3.Nxe5 Qf6 4.Nc4 fxe4 5.Nc3 Qg6 6.d3 Bb4 7.Bd2 Bxc3 8.
Bxc3 d5 9.Ne3 Be6 10.dxe4 dxe4 11.Qd4 Nf6 12.Qe5 Nfd7 13.Qxc7 O-O 14.Qg3 
Qxg3 15.hxg3 Nc6 16.Rh4 Nc5 17.b4 Na4 18.Bd2 Bf7 19.Rxe4 Bg6 20.Bc4+ Kh8 
21.Rf4 Rfe8 22.Bb3 Nb6 23.O-O-O Rac8 24.Bc3 Ne5 25.Kb2 Nbd7 26.Nf5 Rf8 27.
Ne7 Bh5 28.Nxc8 Rxc8 29.Rd5 Re8 30.Bxe5 1-0

[Event "35th WCh U20 Girls"]
[Site "Tarvisio ITA"]
[Date "2017.11.14"]
[Round "2"]
[White "Altantuya, Boldbaatar"]
[Black "Cherniak, Viktoria"]
[Result "0-1"]
[WhiteElo "1948"]
[BlackElo "2236"]
[EventDate "2017.11.13"]
[PlyCount "190"]

1.d4 Nf6 2.c4 e6 3.Nc3 Bb4 4.a3 Bxc3+ 5.bxc3 b6 6.f3 Bb7 7.e3 d6 8.Bd3 
Nbd7 9.Ne2 c5 10.O-O Qc7 11.e4 h6 12.Be3 g5 13.Ng3 O-O-O 14.a4 a5 15.d5 
Ne5 16.Be2 Ba6 17.f4 gxf4 18.Bxf4 Nfd7 19.Qb3 h5 20.Rab1 Kb7 21.Bg5 Rdg8 
22.Bh4 Rh7 23.Rb2 Ka7 24.Kh1 Ng4 25.h3 Nde5 26.Rfb1 Ne3 27.Qxb6+ Qxb6 28.
Rxb6 N3xc4 29.Bxc4 Nxc4 30.Rc6 Rc8 31.Rxc8 Bxc8 32.dxe6 fxe6 33.Rd1 Bd7 
34.Bd8 Ka6 35.Ra1 Bc6 36.h4 Nb2 37.Rb1 Nxa4 38.c4 Rd7 39.Bf6 Nb6 40.Rc1 
Rh7 41.e5 Nd7 42.Re1 d5 43.cxd5 Bxd5 44.Bg5 a4 45.Ne2 Nxe5 46.Nc3 Nd3 47.
Ra1 Rf7 48.Rxa4+ Kb7 49.Be3 Rf1+ 50.Kh2 Bc6 51.Ra3 Re1 52.Na4 Bxa4 53.Rxd3
c4 54.Ra3 Bb3 55.Bg5 Kc6 56.Ra8 Kd5 57.Rd8+ Ke4 58.Kg3 Rb1 59.Bf6 Kf5 60.
Bc3 Rc1 61.Rf8+ Ke4 62.Rf4+ Kd5 63.Rf3 Bd1 64.Re3 Bg4 65.Bf6 Rc2 66.Bg7 
Bf5 67.Kf3 Rd2 68.Re5+ Kd6 69.Re3 Bg4+ 70.Kg3 Kc5 71.Bf6 Kb5 72.Bc3 Rc2 
73.Be1 Ka4 74.Bc3 Kb3 75.Bd4+ c3 76.Kf4 Kc4 77.Be5 Rc1 78.Re4+ Kd3 79.Rd4+
Kc2 80.Rd8 Rf1+ 81.Kg3 Rf5 82.Bf4 Rd5 83.Rb8 Kd1 84.Rb1+ Ke2 85.Rc1 e5 86.
Bg5 Kd3 87.Kf2 e4 88.Bf4 Rf5 89.g3 Ra5 90.Rb1 Ra2+ 91.Ke1 e3 92.Rc1 Rh2 
93.Bxe3 Re2+ 94.Kf1 Rxe3 95.Kf2 Re2+ 0-1

[Event "35th WCh U20 Girls"]
[Site "Tarvisio ITA"]
[Date "2017.11.14"]
[Round "2"]
[White "Mahalakshmi, Muganda Kumar"]
[Black "Cramling-Bellon, Anna"]
[Result "1/2-1/2"]
[WhiteElo "2191"]
[BlackElo "1943"]
[EventDate "2017.11.13"]
[PlyCount "44"]

1.Nf3 c5 2.c4 Nc6 3.Nc3 e5 4.d3 d6 5.g3 g6 6.Bg2 Bg7 7.Bg5 f6 8.Bd2 Nge7 
9.O-O Be6 10.Ne4 h6 11.a3 f5 12.Nc3 a5 13.Qc1 Rc8 14.e4 fxe4 15.Nxe4 Nf5 
16.Bc3 O-O 17.Qd2 Nfd4 18.Bxd4 exd4 19.Qc2 Qd7 20.Rae1 Rce8 21.Nfd2 Ne5 
22.Re2 Bf5 1/2-1/2

[Event "35th WCh U20 Girls"]
[Site "Tarvisio ITA"]
[Date "2017.11.14"]
[Round "2"]
[White "Lahav, Michal"]
[Black "Shepherd, Katherine"]
[Result "1/2-1/2"]
[WhiteElo "2148"]
[BlackElo "1918"]
[EventDate "2017.11.13"]
[PlyCount "120"]

1.Nf3 d5 2.g3 Bg4 3.Bg2 c6 4.O-O Nd7 5.d4 e6 6.Nbd2 Ngf6 7.Re1 Bd6 8.e4 
dxe4 9.Nxe4 Nxe4 10.Rxe4 Bf5 11.Re1 Be7 12.c3 O-O 13.a4 a5 14.h3 h6 15.Qe2
Qb6 16.Nd2 Nf6 17.Nc4 Qa6 18.g4 Be4 19.Bf1 Bd5 20.Bf4 Ne4 21.Qd3 Nxf2 22.
Kxf2 c5 23.Ne3 Bh4+ 24.Kg1 Qxd3 25.Bxd3 Bxe1 26.Rxe1 Bb3 27.dxc5 Bxa4 28.
Be4 Bc6 29.Bxc6 bxc6 30.Nc4 Rfd8 31.Bd6 Ra6 32.Ra1 a4 33.Kf2 f6 34.Ke3 Kf7
35.b4 Rda8 36.Na5 Rxa5 37.bxa5 Rxa5 38.Kd3 a3 39.Ra2 e5 40.Kc2 Ke6 41.Kb1 
Kd5 42.h4 Kc4 43.g5 Rb5+ 44.Ka1 Rb3 45.gxf6 gxf6 46.Rf2 Rxc3 47.Rxf6 e4 
48.Rf1 h5 49.Re1 e3 50.Bf4 Kd4 51.Bg5 Ke4 52.Ka2 Kf3 53.Rf1+ Ke2 54.Rf5 
Kd1 55.Bxe3 Rxe3 56.Rxh5 Rh3 57.Rh6 Kc2 58.h5 Kc3 59.Rxc6 Rxh5 60.Kxa3 Kc4
1/2-1/2

[Event "35th WCh U20 Girls"]
[Site "Tarvisio ITA"]
[Date "2017.11.14"]
[Round "2"]
[White "Nurgali, Nazerke"]
[Black "Stashis, Anna"]
[Result "1-0"]
[WhiteElo "2121"]
[BlackElo "1907"]
[EventDate "2017.11.13"]
[PlyCount "77"]

1.d4 d5 2.Nf3 Nf6 3.c4 e6 4.g3 Be7 5.Bg2 O-O 6.O-O dxc4 7.Qc2 a6 8.Qxc4 b5
9.Qc2 Bb7 10.Bd2 Nbd7 11.Ba5 Bd6 12.Nbd2 Rc8 13.e4 e5 14.dxe5 Nxe5 15.Nxe5
Bxe5 16.Nb3 Qd6 17.Rac1 c5 18.Nxc5 Ba8 19.Rfd1 Bd4 20.b4 Qe5 21.Qe2 Rfe8 
22.Nd3 Qe7 23.Rxc8 Rxc8 24.Nf4 Rc4 25.e5 Bxg2 26.exf6 Qe4 27.Qg4 Bxf6 28.
Qd7 h6 29.Nxg2 Bd4 30.Qd8+ Kh7 31.Bb6 Qf3 32.Ne3 Bxb6 33.Qxb6 Rc2 34.Rf1 
Rxa2 35.Qd4 Ra4 36.Qd3+ g6 37.Qd4 a5 38.Nd5 g5 39.Nf6+ 1-0

[Event "35th WCh U20 Girls"]
[Site "Tarvisio ITA"]
[Date "2017.11.14"]
[Round "2"]
[White "Bidhar, Rutumbara"]
[Black "Hincu, Olga"]
[Result "0-1"]
[WhiteElo "1904"]
[BlackElo "2118"]
[EventDate "2017.11.13"]
[PlyCount "52"]

1.e4 e6 2.d4 d5 3.exd5 exd5 4.Bd3 c5 5.Bb5+ Nc6 6.Nc3 Nf6 7.Nge2 h6 8.Bf4 
Bg4 9.Be5 c4 10.Bxf6 gxf6 11.h3 Bf5 12.Nf4 Bb4 13.O-O Bxc3 14.bxc3 Qd6 15.
Re1+ Kd8 16.Qf3 Be4 17.Rxe4 dxe4 18.Qxe4 Re8 19.Qf3 Rc8 20.Rd1 f5 21.Bxc4 
Re4 22.g3 Nxd4 23.Qd3 Rxc4 24.f3 Rxc3 25.Qf1 Rxf4 26.gxf4 Kc7 0-1

[Event "35th WCh U20 Girls"]
[Site "Tarvisio ITA"]
[Date "2017.11.14"]
[Round "2"]
[White "San Diego, Marie Antoinette"]
[Black "Koo Wei Xin, Rosamund"]
[Result "0-1"]
[WhiteElo "2116"]
[BlackElo "1900"]
[EventDate "2017.11.13"]
[PlyCount "78"]

1.d4 Nf6 2.c4 c5 3.d5 e5 4.Nc3 d6 5.e4 a6 6.h3 g6 7.Nf3 Bg7 8.Be3 Qa5 9.
Qd2 Bd7 10.Bd3 b5 11.g4 h5 12.g5 Ng8 13.Qe2 b4 14.Nb1 Ne7 15.Nbd2 O-O 16.
Qf1 Qc7 17.a3 bxa3 18.Rxa3 a5 19.Bc2 Na6 20.Ba4 Nb4 21.Ke2 Bc8 22.Nb1 Ba6 
23.b3 Nc2 24.Ra2 Nd4+ 25.Nxd4 cxd4 26.Kd3 dxe3 27.fxe3 Qc5 28.Nc3 f5 29.
gxf6 Rxf6 30.Qe1 Raf8 31.Nb5 Rf3 32.Re2 Bxb5 33.Bxb5 Bh6 34.h4 Qd4+ 35.Kc2
Qxe4+ 36.Kb2 Bxe3 37.Ka2 Qf4 38.Qxa5 Rf2 39.Qe1 Ra8+ 0-1

[Event "35th WCh U20 Girls"]
[Site "Tarvisio ITA"]
[Date "2017.11.14"]
[Round "2"]
[White "Nie Xin"]
[Black "Silva, Mariana Sofia"]
[Result "1-0"]
[WhiteElo "2106"]
[BlackElo "1883"]
[EventDate "2017.11.13"]
[PlyCount "79"]

1.d4 Nf6 2.c4 g6 3.Nc3 Bg7 4.e4 d6 5.f3 O-O 6.Nge2 Nc6 7.Be3 a6 8.Qd2 Bd7 
9.Rd1 b5 10.Nc1 bxc4 11.Bxc4 e5 12.dxe5 Nxe5 13.Be2 Be6 14.b3 Re8 15.O-O 
Qd7 16.h3 Nh5 17.Kh2 Qe7 18.f4 Ng4+ 19.Bxg4 Bxg4 20.hxg4 Qh4+ 21.Kg1 Ng3 
22.N1e2 Nxf1 23.Rxf1 Qxg4 24.Rf3 h5 25.Qd3 h4 26.Nd5 Rac8 27.Bd4 c6 28.
Nf6+ Bxf6 29.Bxf6 Re6 30.e5 Rce8 31.Kf2 g5 32.Nd4 h3 33.gxh3 Qh4+ 34.Kg2 
Rxf6 35.exf6 gxf4 36.Qf5 Kh8 37.Rxf4 Rg8+ 38.Rg4 Rxg4+ 39.hxg4 Kg8 40.Nxc6
1-0

[Event "35th WCh U20 Girls"]
[Site "Tarvisio ITA"]
[Date "2017.11.14"]
[Round "2"]
[White "Vernet, Solene"]
[Black "Trippold, Denise"]
[Result "1/2-1/2"]
[WhiteElo "1862"]
[BlackElo "2104"]
[EventDate "2017.11.13"]
[PlyCount "54"]

1.Nf3 Nf6 2.g3 c5 3.Bg2 d5 4.c4 d4 5.e3 Nc6 6.exd4 cxd4 7.O-O Bf5 8.d3 h6 
9.a3 a5 10.Qb3 Qd7 11.Re1 a4 12.Qc2 e6 13.Nbd2 Bd6 14.b4 axb3 15.Nxb3 Bb8 
16.Bb2 Ba7 17.Ne5 Nxe5 18.Rxe5 Rc8 19.Rae1 O-O 20.Qd2 Rfd8 21.Rb5 Rc7 22.
a4 Qc8 23.Ba3 Ne8 24.Ra5 Bb6 25.Rb5 Ba7 26.Ra5 Bb6 27.Rb5 Ba7 1/2-1/2

[Event "35th WCh U20 Girls"]
[Site "Tarvisio ITA"]
[Date "2017.11.14"]
[Round "2"]
[White "Lasya, Goli"]
[Black "Caxita, Esperanca"]
[Result "1-0"]
[WhiteElo "2087"]
[BlackElo "1865"]
[EventDate "2017.11.13"]
[PlyCount "133"]

1.e4 d5 2.exd5 Qxd5 3.Nc3 Qd6 4.d4 Nf6 5.Bd3 c6 6.Nge2 Bg4 7.h3 Bh5 8.a4 
Nbd7 9.a5 e6 10.O-O Be7 11.Qe1 Qc7 12.Bf4 Qd8 13.a6 b5 14.Ng3 Bg6 15.Nce4 
Nd5 16.Nd6+ Bxd6 17.Bxd6 Bxd3 18.cxd3 Qb6 19.Qc1 O-O-O 20.Ne4 Nb8 21.Bc5 
Qc7 22.Qd2 Nb6 23.b3 Rd5 24.Nc3 Rh5 25.Rfc1 Kd7 26.Qe2 Rf5 27.Ne4 Nd5 28.
Bd6 Qb6 29.g4 Rf6 30.Nxf6+ gxf6 31.Bxb8 Rxb8 32.Qe4 Rh8 33.Rc5 Nb4 34.Qf3 
Ke7 35.Rac1 Qxa6 36.d5 Nxd5 37.Rxc6 Qa5 38.Qg3 Rd8 39.g5 Rd7 40.gxf6+ Nxf6
41.Qg5 h5 42.Qc5+ Ke8 43.Rc8+ Rd8 44.Qc6+ Nd7 45.Rxd8+ Kxd8 46.Qe4 Qa3 47.
Qe3 Qe7 48.Kf1 Nb6 49.Ra1 h4 50.Qd4+ Kc8 51.Ra5 Qc7 52.Qxh4 Qc1+ 53.Kg2 
Qc6+ 54.Qe4 Qd7 55.Ra2 Kb8 56.Rc2 Nd5 57.Qe5+ Kb7 58.h4 f6 59.Qe4 Qg7+ 60.
Kf1 Qd7 61.h5 f5 62.Qd4 Qh7 63.Qc5 Qd7 64.h6 Nf6 65.d4 a6 66.Qe5 Qf7 67.d5
1-0

[Event "35th WCh U20 Girls"]
[Site "Tarvisio ITA"]
[Date "2017.11.14"]
[Round "2"]
[White "Rozman, Monika"]
[Black "Petraki, Evaggelia"]
[Result "1/2-1/2"]
[WhiteElo "2049"]
[BlackElo "1854"]
[EventDate "2017.11.13"]
[PlyCount "102"]

1.e4 c5 2.Nf3 Nc6 3.Nc3 g6 4.d4 cxd4 5.Nxd4 Bg7 6.Be3 Nf6 7.Bc4 O-O 8.Bb3 
d6 9.h3 a6 10.O-O Bd7 11.Qd2 Rc8 12.Rae1 b5 13.a3 Ne5 14.f4 Nc4 15.Bxc4 
Rxc4 16.e5 dxe5 17.fxe5 Nh5 18.b3 Rc8 19.Nd5 Bxh3 20.Nxb5 Bxg2 21.Qxg2 
axb5 22.Rd1 Qe8 23.Bg5 f6 24.Bh4 Kh8 25.e6 Qc6 26.Nxe7 Qxg2+ 27.Kxg2 Rxc2+
28.Kg1 Re8 29.Rd7 Re2 30.Nd5 R2xe6 31.Nc7 R6e7 32.Rxe7 Rxe7 33.Nxb5 g5 34.
Bf2 Nf4 35.a4 Nh3+ 36.Kg2 Nxf2 37.Rxf2 h5 38.Nd4 Rb7 39.a5 f5 40.Nxf5 Rxb3
41.Rc2 Rb5 42.Nxg7 Kxg7 43.Ra2 Rb7 44.a6 Ra7 45.Ra5 Kf6 46.Kf3 Ke6 47.Rxg5
Kd6 48.Rxh5 Kc6 49.Ke4 Rxa6 50.Rh6+ Kb5 51.Rxa6 Kxa6 1/2-1/2

[Event "35th WCh U20 Girls"]
[Site "Tarvisio ITA"]
[Date "2017.11.14"]
[Round "2"]
[White "Koljevic, Nikolina"]
[Black "Priyanka, K."]
[Result "1/2-1/2"]
[WhiteElo "1837"]
[BlackElo "2046"]
[EventDate "2017.11.13"]
[PlyCount "117"]

1.e4 c5 2.Nf3 d6 3.d4 cxd4 4.Qxd4 a6 5.Be3 Nc6 6.Qd2 Nf6 7.Nc3 e5 8.O-O-O 
Be7 9.Bg5 Be6 10.Kb1 Qa5 11.Bxf6 Bxf6 12.Nd5 Bd8 13.Be2 O-O 14.a3 b5 15.
Qxa5 Bxa5 16.h4 Rac8 17.h5 h6 18.Ne3 Rfd8 19.g4 Bb6 20.Rhg1 Bxe3 21.fxe3 
d5 22.exd5 Bxd5 23.g5 hxg5 24.Nxg5 f6 25.Nf3 Be4 26.Rxd8+ Rxd8 27.Kc1 Ne7 
28.Nd2 Bh7 29.Bg4 Kf7 30.Bf3 Rc8 31.c3 g6 32.Ne4 Rc7 33.hxg6+ Bxg6 34.Rd1 
Bxe4 35.Bxe4 Ke6 36.Bc2 Rc6 37.e4 Rd6 38.Rxd6+ Kxd6 39.Kd2 a5 40.b3 Kc5 
41.Ke3 Nc8 42.Bd3 Nd6 43.Bc2 b4 44.cxb4+ axb4 45.a4 Nb7 46.Bd3 Na5 47.Bc2 
Nc6 48.Bd3 Nd4 49.Bc4 f5 50.exf5 Nxf5+ 51.Kd3 Nd4 52.Ke4 Nc6 53.Bd5 Ne7 
54.Bc4 Kd6 55.a5 Nc6 56.a6 Na7 57.Bd3 Nc6 58.Bb5 Na7 59.Bd3 1/2-1/2

[Event "35th WCh U20 Girls"]
[Site "Tarvisio ITA"]
[Date "2017.11.14"]
[Round "2"]
[White "Vangsgard, Freja"]
[Black "Samudin, Elina"]
[Result "0-1"]
[WhiteElo "2035"]
[BlackElo "1806"]
[EventDate "2017.11.13"]
[PlyCount "80"]

1.d4 d5 2.c4 e6 3.Nc3 Be7 4.cxd5 exd5 5.Bf4 c6 6.e3 Nf6 7.Bd3 Nbd7 8.Qc2 
O-O 9.Nge2 Re8 10.O-O Nf8 11.h3 Be6 12.f3 a6 13.Rad1 Rc8 14.Qd2 c5 15.dxc5
Bxc5 16.Nd4 Bb4 17.Rc1 Qa5 18.a3 Bxc3 19.Rxc3 Rxc3 20.Qxc3 Qxc3 21.bxc3 
Rc8 22.Rc1 N8d7 23.Bd6 Nb6 24.Rb1 Nfd7 25.Bb4 Na4 26.Bf5 Ndc5 27.Bxc5 Nxc5
28.Rb6 Bxf5 29.Nxf5 Kf8 30.Rd6 g6 31.Ng3 Na4 32.Rxd5 Rxc3 33.Rd7 b5 34.Ne4
Rxa3 35.Ra7 b4 36.Rxa6 b3 37.Ra8+ Kg7 38.Kh2 b2 39.Nd2 Ra1 40.Rb8 Rd1 0-1

[Event "35th WCh U20 Girls"]
[Site "Tarvisio ITA"]
[Date "2017.11.14"]
[Round "2"]
[White "Jayaweera, Sayuni Gihansa"]
[Black "Salonika, Saina"]
[Result "0-1"]
[WhiteElo "1745"]
[BlackElo "2025"]
[EventDate "2017.11.13"]
[PlyCount "60"]

1.d4 Nf6 2.Nf3 g6 3.Bf4 Bg7 4.e3 O-O 5.Be2 d6 6.h3 Nfd7 7.O-O h6 8.a4 e5 
9.Bh2 Nc6 10.c3 Kh8 11.Na3 f5 12.b4 g5 13.b5 Ne7 14.Bc4 Ng6 15.Nd2 Nf6 16.
Be2 Qe8 17.c4 e4 18.Rc1 f4 19.Re1 Qe6 20.c5 f3 21.Bf1 fxg2 22.Bxg2 g4 23.
hxg4 Nh4 24.cxd6 Nxg2 25.Kxg2 Nxg4 26.Bg3 Nxf2 27.Bxf2 Qh3+ 28.Kg1 Rxf2 
29.Kxf2 Qh2+ 30.Kf1 Bh3# 0-1